[11] Great George Street Westminster (Record no. 116339)

MARC details
000 -LEADER
fixed length control field 00578ckm a22002055a 4500
001 - CONTROL NUMBER
control field L140534
008 - FIXED-LENGTH DATA ELEMENTS--GENERAL INFORMATION
fixed length control field 070927s1936 xxk eng u
035 ## - SYSTEM CONTROL NUMBER
System control number (Sirsi) u140534
041 0# - LANGUAGE CODE
Language code of text/sound track or separate title eng
100 1# - MAIN ENTRY--PERSONAL NAME
Personal name Fletcher, Hanslip
245 01 - TITLE STATEMENT
Title [11] Great George Street Westminster
Medium [graphic]
260 ## - PUBLICATION, DISTRIBUTION, ETC.
Date of publication, distribution, etc. 1936
300 ## - PHYSICAL DESCRIPTION
Extent 1 print
Dimensions 28 x 38 cm.
340 ## - PHYSICAL MEDIUM
Material base and configuration Reproduction
351 ## - ORGANIZATION AND ARRANGEMENT OF MATERIALS
Hierarchical level Single item
500 ## - GENERAL NOTE
General note Reproduction of a drawing of 11 Great George Street by Hanslip Fletcher. Library holds two copies.
651 4# - SUBJECT ADDED ENTRY--GEOGRAPHIC NAME
Geographic name London
690 ## - LOCAL SUBJECT ADDED ENTRY--TOPICAL TERM (OCLC, RLIN)
Topical term or geographic name as entry element ABOUT RICS
942 ## - ADDED ENTRY ELEMENTS (KOHA)
Suppress in OPAC 0
Holdings
Withdrawn status Lost status Source of classification or shelving scheme Damaged status Not for loan Home library Current library Shelving location Date acquired Total Checkouts Full call number Barcode Date last seen Copy number Price effective from Koha item type
    Dewey Decimal Classification     Historic collection Historic collection Historic collection 27/09/2007   MAP CABINET DRAWER 2 140534-2001 06/08/2019 1 06/08/2019 Archive
    Dewey Decimal Classification     Historic collection Historic collection Historic collection 01/10/2007   MAP CABINET DRAWER 2 140534-2002 06/08/2019 2 06/08/2019 Archive